00374nam a2200121 a 4500008004100000050001500041100002500056245004200081246006900123260003400192300001700226350000900243120416s1968 ||||||||||||||||| || u aDT 471 Jul aJuly, Robert William14aThe origins of modern African thought aits development in West Africa during th 19th and 20th centuries aLondonbFaber and Faberc1968 a512p. : ill. a0.00